| 000 | 00487cam a2200169 a 4500 | ||
|---|---|---|---|
| 020 | _a0471196525 (cloth : alk. paper) | ||
| 040 | _cDLC | ||
| 082 | 0 | 0 |
_a658 WIL 1997 A041 Or. _aB |
| 245 | 0 | 0 |
_aForbes great minds of business : _bcompanion to the public television series / |
| 260 |
_aNew York : _bWiley, _cc1997. |
||
| 300 |
_axxvii, 228 p. : _bill. ; _c24 cm. |
||
| 650 | 0 | _aExecutives | |
| 650 | 0 | _aExecutives | |
| 700 | 1 | _aMorgenson, Gretchen. | |
| 710 | 2 | _aForbes Inc. | |
| 942 | _cEK | ||
| 999 |
_c12322 _d12322 |
||